Normal view
MARC view
- Sule, D. R.
Entry Personal Name
001 - CONTROL NUMBER
- control field: 84901
003 - CONTROL NUMBER IDENTIFIER
- control field: NUST
005 - DATE AND TIME OF LATEST TRANSACTION
- control field: 20211123111129.0
008 - FIXED-LENGTH DATA ELEMENTS
- fixed length control field: 211123|| aca||aabn | a|a d
040 ## - CATALOGING SOURCE
- Original cataloging agency: NUST
- Transcribing agency: NUST
100 ## - HEADING--PERSONAL NAME
- Personal name: Sule, D. R.
- Fuller form of name: (Dileep R.)
670 ## - SOURCE DATA FOUND
- Source citation: Work cat.: (NUST)32012: Sule, D. R. (Dileep R.), Manufacturing Facilities :, c2009.
